| 000 | 00407nab a2200145Ia 4500 | ||
|---|---|---|---|
| 003 | ES-SlBCS | ||
| 005 | 20210601124941.0 | ||
| 008 | 140529s1975 xxu||||| |||| 00| 0 eng d | ||
| 041 | _aeng | ||
| 100 | 1 |
_aNielsen, Kai _950638 |
|
| 245 | 0 | 0 |
_aRationality and Universality _c Kai Nielsen |
| 650 | 0 | 4 |
_aRacionalidad _9131286 |
| 773 | 0 |
_tMonist, the _gvol. 59, nº. 3, 1975, págs. 440-455 _wRev1667 |
|
| 942 | _cAR | ||
| 999 |
_c522230 _d522230 |
||